header

Transcultural English studies (Record no. 207248)

MARC details
000 -LEADER
fixed length control field 01437nam a2200349Ia 4500
245 00 - TITLE STATEMENT
Title Transcultural English studies
260 ## - PUBLICATION, DISTRIBUTION, ETC. (IMPRINT)
Place of publication Amsterdam :
Name of publisher Rodopi,
Year of publication 2009.
300 ## - PHYSICAL DESCRIPTION
Number of Pages xvi, 469 p. :
Other physical details ill.
490 1# - SERIES STATEMENT
Series statement ASNEL papers ;
Series statement Cross/cultures ;
650 #0 - SUBJECT ADDED ENTRY--TOPICAL TERM
Topical Term English literature
Topical Term Multiculturalism in literature.
700 1# - ADDED ENTRY--PERSONAL NAME
Personal name Helff, Sissy.
Personal name Schulze-Engler, Frank,
856 40 - ELECTRONIC LOCATION AND ACCESS
Uniform Resource Identifier http://site.ebrary.com/lib/rucke/Doc?id=10380335

No items available.

© 2026 Rongo University
Contact us: librarian | system librarian | Rongo university